Brauschweig (Brunswick) classic Issues (Record no. 2358)

000 -LEADER
fixed length control field 00284nam a22000977a 4500
008 - FIXED-LENGTH DATA ELEMENTS--GENERAL INFORMATION
fixed length control field 170410b xxu||||| |||| 00| 0 eng d
100 ## - MAIN ENTRY--AUTHOR'S NAME
Author's Name Kalotay, Paul
245 ## - TITLE STATEMENT
Title Brauschweig (Brunswick) classic Issues
260 ## - PUBLICATION, DISTRIBUTION, ETC. (IMPRINT)
Place of publication, distribution, etc. Salzburg, Austria
Name of publisher, distributor, etc. author?
Date of publication, distribution, etc. 1947
650 ## - TOPICAL TERM (Tag)
Topical term or geographic name Germany - States and Cities

No items available.

Powered by Koha